| 000 | 00950nam a22002417a 4500 | ||
|---|---|---|---|
| 999 |
_c67 _d67 |
||
| 003 | AR-CdUCM | ||
| 008 | 190221b ||||| |||| 00| 0 spa d | ||
| 040 |
_aMUNICIPALIDAD PROVINCIAL DEL CUSCO _cBIBLIOTECA MUNICIPAL DEL CUSCO |
||
| 041 | _hita | ||
| 082 |
_a850.9 / _bS21 |
||
| 100 |
_aDe Sanctis, Francesco _9323 |
||
| 245 |
_aHistoria de la literatura italiana : _bdesde los orígenes hasta el siglo XVI / |
||
| 260 |
_aBuenos Aires : _bLosada S.A., _c1952 |
||
| 300 |
_a437 páginas ; _bilustraciones, _c23 cm. |
||
| 440 |
_aGrandes historias de la literatura _9324 |
||
| 505 | _aContenido: Lengua latina y el vulgar -- Sicilia, la capital de la Italia culta -- La literatura desviada por la ciencia -- La conciencia de Dante -- El renacimiento ... | ||
| 650 |
_aDante Alighieri _9325 |
||
| 650 |
_aSiglo XVI _9326 |
||
| 650 |
_aLiteratura latina _9327 |
||
| 650 |
_aliteratura claustral _9328 |
||
| 942 |
_2ddc _cLIBROS |
||
| 945 |
_araen _d2019-02-21 |
||